Abstracts of Papers. (Record no. 348575)

000 -LEADER
fixed length control field 00550 a2200181 4500
003 - CONTROL NUMBER IDENTIFIER
control field OSt
005 - DATE AND TIME OF LATEST TRANSACTION
control field 20180116182924.0
008 - FIXED-LENGTH DATA ELEMENTS--GENERAL INFORMATION
fixed length control field 160520b xxu||||| |||| 00| 0 eng d
020 ## - INTERNATIONAL STANDARD BOOK NUMBER
International Standard Book Number 0
040 ## - CATALOGING SOURCE
Transcribing agency 0
082 ## - DEWEY DECIMAL CLASSIFICATION NUMBER
Classification number 509.17671 PAK 2001
110 ## - MAIN ENTRY--CORPORATE NAME
Corporate name or jurisdiction name as entry element Government of Pakistan
245 ## - TITLE STATEMENT
Title Abstracts of Papers.
Statement of responsibility, etc. Ministry of Science & Technology Government of Pakistan.
260 ## - PUBLICATION, DISTRIBUTION, ETC.
Place of publication, distribution, etc. Islamabad.
Name of publisher, distributor, etc. Ministry of Science & Technology Government of Pakistan.
Date of publication, distribution, etc. 2001
300 ## - PHYSICAL DESCRIPTION
Extent 283p.
Other physical details PB
500 ## - GENERAL NOTE
General note Paper cover.
942 ## - ADDED ENTRY ELEMENTS (KOHA)
Institution code [OBSOLETE] NBS
Koha item type Book
Call number prefix 509.17671 PAK
Source of classification or shelving scheme
Holdings
Withdrawn status Lost status Damaged status Not for loan Permanent Location Current Location Date acquired Total Checkouts Full call number Barcode Date last seen Date last checked out Price effective from Koha item type
        Central Library (CL) Central Library (CL) 08/28/2013 1 509.17671 PAK NBSD-1789 11/23/2017 08/24/2017 08/28/2013 Book
© 2023 Central Library, National University of Sciences and Technology. All Rights Reserved.